【乃木坂的フラクタル】オリジナルコーデからメンバーを当てるクイズ - Statistics

General Stats
  • This quiz has been taken 8 times
  • The average score is 12 of 32
Answer Stats
Hint Answer % Correct
チアのポンポン、乃木坂雑誌、牛タン 久保史緒里
86%
一輪車、ヤギのぬいぐるみ、馬刺し 与田祐希
86%
バトン、シーサーのぬいぐるみ、うむくじの天ぷら 伊藤理々杏
71%
ナイフ、バレーボール、マヨネーズ 梅澤美波
57%
ローラースケート、ギター、駄菓子 岩本蓮加
43%
バトミントンのラケット、ランニングシューズ、味噌カツ 佐藤楓
43%
クラリネット、バスセット、みたらし団子 遠藤さくら
43%
極小折り鶴、イラスト制作セット、カキフライ 賀喜遥香
43%
中国剣、カンフースターのポスター、焼き小籠包 黒見明香
43%
新体操のクラブ、野球応援グッズ、オムライス 柴田柚菜
43%
ソフトボールのグローブ、ビリヤードキューとボール、ビーフシチュー 田村真佑
43%
書道セット、編み物、メロンソーダ 筒井あやめ
43%
茶道具、アイドルグッズ、タピオカドリンク 矢久保美緒
43%
バレエ雑誌、メイク道具、スイートポテト 岡本姫奈
43%
そろばん、ドラム、トマト 小川彩
43%
紙芝居、弾き語り用ギター、あんバタートースト 奥田いろは
43%
当たり付きアイスバー、犬のキーホルダー、洋菓子セット 冨里奈央
43%
お囃子、ヘッドホン、わたあめ 中村麗乃
29%
キャップ、食品サンプルのキーホルダー、豚骨ラーメン 向井葉月
29%
卓球のラケット、ヒーロー雑誌、焼き肉 吉田綾乃クリスティー
29%
手話の本、へんなTシャツ、もやし 林瑠奈
29%
チア衣装とポンポン、飯盒、梨 松尾美佑
29%
バスケットボール、縄跳び、炊き込みご飯 弓木奈於
29%
剣道防具、マグロ料理本、ジャスミンティー 五百城茉央
29%
バスケのホイッスル、絵画道具、エビフライ 池田瑛紗
29%
和弓、木炭、おはぎ 井上和
29%
バスケットゴール、卵焼き器、ドライフルーツ 菅原咲月
29%
レコーディングマイク、ヤモリTシャツ、アニマルマカロン 中西アルノ
29%
歌詞カード、ヘアスプレー、ほたて 金川紗耶
14%
トランペット、キーボード、焼き芋 佐藤璃果
14%
キーボードピアノ、しおり、スルメ 一ノ瀬美空
14%
フィギアスケートシューズ、ファッション誌、さくらんぼ 川﨑さくら
14%
No matching quizzes found
Score Distribution
Percent of People with Each Score
Percentile by Number Answered
Your Score History
You have not taken this quiz